00279nam a2200085Ia 4500082002300000245006900023260006200092300001700154710002200171 aRR 001.4302559 DIR 0aDirectory of selected scholars and researchers in Southeast Asia aSingaporebRegional Institute of Higher Education ac1974 aXLIX, 1214p. aTapingkae, Amnuay